00597cam9a220021700 4500001001200000008004100012035001900053035001800072100002800090245003800118260001000156949004300166004000600209591002400215591003500239591001700274591003300291591002700324909000900351999001900360zam00003769951128s1973 xx eng u a(Sirsi) r21088 a(MACHINE)SLC. aLawler, E. D.6A82134.110aMotivation in work organizations. c1973. aHF5548.8LawwlccmMAINtBOOKlON-SHELF21088 aClass code: PS 930. aCourse: Psychological testing. aSchool: S05. aLecturer: Ms. SRINIVASAN, G. aNumber of Students: 8. aBook c173128d173128